SHAKESPEARES LAST PLAYS/ (Record no. 200113)

MARC details
000 -LEADER
fixed length control field 00559nam a22001937a 4500
005 - DATE AND TIME OF LATEST TRANSACTION
control field 20240111145316.0
010 ## - LCCN (DPL NO)
LC control number ENG-138863
020 ## - INTERNATIONAL STANDARD BOOK NUMBER
International Standard Book Number 9780230331860
Terms of availability 195.00
035 ## - SYSTEM CONTROL NUMBER
System control number EN-122395
037 ## - SOURCE OF ACQUISITION
Source of stock number/acquisition DBAD/PUB
082 ## - DEWEY DECIMAL CLASSIFICATION NUMBER
Classification number 882.33
100 ## - MAIN ENTRY--PERSONAL NAME
Personal name NAIKAR, BASAVARAJ
245 ## - TITLE STATEMENT
Title SHAKESPEARES LAST PLAYS/
260 ## - PUBLICATION, DISTRIBUTION, ETC. (IMPRINT)
Place of publication, distribution, etc NEW DELHI
Name of publisher, distributor, etc MACMILLAN PUBLISHERS INDIA LTD.
Date of publication, distribution, etc 2011
270 ## - ADDRESS
Address 2/10 ANSARI ROAD DARYAGANJ
City NEW DELHI
Postal code 110002
300 ## - PHYSICAL DESCRIPTION
Extent 260 p.
Dimensions 22cm(Hb)
500 ## - GENERAL NOTE
General note Includes index
942 ## - ADDED ENTRY ELEMENTS (KOHA)
Source of classification or shelving scheme Dewey Decimal Classification
Item type English Books
Classification part 882033
Call number suffix NAI
Holdings
Withdrawn status Lost status Not for loan Collection code Home library Current library Date acquired Source of acquisition Cost, normal purchase price Full call number Barcode Cost, replacement price Koha item type
      Non-fiction Sarojini Nagar Sarojini Nagar 11/01/2024 DBAD/PUB 195.00 882.33 NAI EN-122395 195.00 English Books

© Delhi Public Library
Hit Counter
free hit counter